| 000 | 00677nam a22002057a 4500 | ||
|---|---|---|---|
| 003 | PILC | ||
| 005 | 20151020153340.0 | ||
| 008 | 130927t xxu||||| |||| 00| 0 eng d | ||
| 050 |
_aNC 780 _b.D767 2001 |
||
| 082 |
_aNC 780 _b.D767 2001 |
||
| 100 |
_aMilbourne, Anna _922040 |
||
| 245 |
_aUsborne Art ideas drawing animals : internet-linked / _cAnna Milbourne |
||
| 260 |
_aNew York, NY : _bScholastic, _cc2001. |
||
| 300 |
_a63 p. : _bcol. ill., _c28 cm. |
||
| 440 |
_aUsborne Art ideas : _921967 |
||
| 650 |
_aAnimals in art _xJuvenile literature _921968 |
||
| 650 |
_aDrawing _xHandbooks, manuals, etc _xJuvenile literature _921969 |
||
| 942 |
_2lcc _cBK |
||
| 999 |
_c12243 _d12243 |
||